📖150 premiers mots "Les Souliers rouges" Clarissa Pinkola Estés - Statistiques

Statistiques générales
  • Ce quiz a Ă©tĂ© pris 4 fois
  • Le rĂ©sultat moyen est 101 sur 150
Statistiques - réponses
Mots % Correct
Ă 
100%
Ă€
100%
aux
100%
avait
100%
d'
100%
de
100%
elle
100%
elle.
100%
en
100%
et
100%
Et
100%
était
100%
fille.
100%
fois
100%
Il
100%
Ils
100%
jour,
100%
l'
100%
lĂ 
100%
la
100%
LĂ ,
100%
le
100%
mais
100%
n'
100%
on
100%
on ...
100%
pas
100%
pieds,
100%
qu'
100%
qui
100%
rouges.
100%
rouges
100%
sa
100%
se
100%
ses
100%
souliers
100%
sur
100%
Un
100%
un
100%
une
100%
alors
67%
avec
67%
Avec
67%
comme
67%
dame.
67%
des
67%
enfant
67%
les
67%
lui
67%
marchait
67%
propre
67%
quoi
67%
route,
67%
si
67%
tout,
67%
trouvait
67%
vieille
67%
allait
33%
bois
33%
carrosse
33%
chaussures.
33%
chercher
33%
dans
33%
demeure
33%
étaient
33%
eux,
33%
femme,
33%
intérieur,
33%
journées
33%
Malgré
33%
mĂŞme
33%
nourrir
33%
nuit
33%
paire
33%
parties
33%
passait
33%
petits
33%
riche,
33%
temps,
33%
tombée.
33%
vers
33%
voilĂ 
33%
aimait.
0%
bouts
0%
chevelure
0%
chez
0%
coudre
0%
déclara
0%
doré
0%
emmener
0%
épineux
0%
grossiers,
0%
haillons,
0%
ici
0%
jusqu'
0%
las
0%
lava
0%
orpheline
0%
parvint,
0%
pauvre
0%
peigna
0%
près
0%
ramassant
0%
ranger
0%
sentait
0%
tissu,
0%
traiter
0%
vint
0%
Aucun quiz correspondant
Distribution des résultats
% des personnes avec chaque résultat
Percentile par nombre de réponses
Votre historique - résultats
Vous n’avez pas pris ce quiz